[Event "28. Torneo San Viator 2017 - Torneo B"]
[Site "Madrid ESP"]
[Date "2017.03.26"]
[Round "1.1"]
[White "Rojo Jorge, Luis"]
[Black "Franco Rincon, David"]
[Result "0-1"]
[WhiteElo "1461"]
[BlackElo "1748"]
[PlyCount "80"]
[EventDate "2017.03.26"]
[EventType "swiss"]
[EventRounds "9"]
[EventCountry "ESP"]
[SourceTitle "Ajedrez en Madrid"]
[Source "lmi"]
[SourceDate "2017.03.26"]
[SourceVersion "1"]
[SourceVersionDate "2017.04.10"]
[SourceQuality "1"]

1. e4 e5 2. Nf3 Nc6 3. Bc4 Be7 4. c3 Nf6 5. Qe2 d6 6. d4 exd4 7. Nxd4 Bd7 8.
O-O O-O 9. Nd2 Ne5 10. f4 Nxc4 11. Qxc4 a6 12. Qd3 h6 13. h3 Re8 14. N2f3 Bf8
15. e5 Nh7 16. Re1 dxe5 17. fxe5 Be6 18. Rd1 Bc5 19. Be3 Qe7 20. Kh1 Rad8 21.
b4 Ba7 22. Qe2 Bb8 23. Nxe6 Qxe6 24. Rxd8 Rxd8 25. Bd4 Nf8 26. Re1 Ng6 27. Qe4
c6 28. Re2 Re8 29. Qe3 Ne7 30. Qd3 Nf5 31. Kg1 Ng3 32. Rf2 Qd5 33. Nd2 Bxe5 34.
Qe3 Nh5 35. Rf5 Bxd4 36. Qxd4 Qxf5 37. g4 Qg6 38. Qd7 Nf6 39. Qxb7 Qd3 40. Nb3
Qg3+ 0-1

[Event "28. Torneo San Viator 2017 - Torneo B"]
[Site "Madrid ESP"]
[Date "2017.03.26"]
[Round "1.2"]
[White "Rodriguez Nieto, Miguel Angel"]
[Black "Gonzalez Garcia, Francisco Javie"]
[Result "1-0"]
[WhiteElo "1738"]
[BlackElo "1449"]
[PlyCount "59"]
[EventDate "2017.03.26"]
[EventType "swiss"]
[EventRounds "9"]
[EventCountry "ESP"]
[SourceTitle "Ajedrez en Madrid"]
[Source "lmi"]
[SourceDate "2017.03.26"]
[SourceVersion "1"]
[SourceVersionDate "2017.04.10"]
[SourceQuality "1"]

1. c4 e6 2. Nf3 c5 3. e3 d5 4. cxd5 exd5 5. Bb5+ Bd7 6. Bxd7+ Nxd7 7. O-O Ngf6
8. b3 b5 9. Bb2 b4 10. d3 Bd6 11. Nbd2 O-O 12. d4 Rc8 13. dxc5 Nxc5 14. Bd4 a5
15. Rc1 Nfd7 16. Rc2 a4 17. bxa4 Qa5 18. Nb3 Qxa4 19. Nfd2 Rc6 20. Qg4 f6 21.
Qf3 Nb6 22. Bxc5 Rfc8 23. Rfc1 Bxc5 24. Nxc5 Rxc5 25. Rxc5 Ra8 26. Qh3 Qxa2 27.
Qe6+ Kf8 28. Rc7 d4 29. Qe7+ Kg8 30. Qxg7# 1-0

[Event "28. Torneo San Viator 2017 - Torneo B"]
[Site "Madrid ESP"]
[Date "2017.03.26"]
[Round "1.3"]
[White "Perez Carballeira, Francisco"]
[Black "Rodriguez Coarasa, Carlos"]
[Result "1/2-1/2"]
[WhiteElo "1444"]
[BlackElo "1706"]
[PlyCount "70"]
[EventDate "2017.03.26"]
[EventType "swiss"]
[EventRounds "9"]
[EventCountry "ESP"]
[SourceTitle "Ajedrez en Madrid"]
[Source "lmi"]
[SourceDate "2017.03.26"]
[SourceVersion "1"]
[SourceVersionDate "2017.04.10"]
[SourceQuality "1"]

1. d4 Nf6 2. c4 e6 3. Nc3 Bb4 4. Qd3 d5 5. Bg5 Nbd7 6. cxd5 exd5 7. e3 O-O 8.
a3 Bxc3+ 9. Qxc3 c6 10. Bd3 Re8 11. Ne2 Nf8 12. O-O Qd6 13. Bxf6 Qxf6 14. Ng3
Ng6 15. Qc2 Bd7 16. Rac1 Re7 17. Bxg6 hxg6 18. Rfe1 Bf5 19. Qc3 Rae8 20. Qc5 a6
21. Qb4 Bc8 22. Qc3 g5 23. Qc2 g4 24. Re2 Re6 25. Rce1 Kf8 26. Qh7 Qh6 27. Qxh6
Rxh6 28. Nf1 Bf5 29. Rd2 Be4 30. Ng3 Rhe6 31. Nh5 Bf5 32. Ng3 Bg6 33. Ne2 Re4
34. Ng3 R4e6 35. Ne2 Re4 1/2-1/2

[Event "28. Torneo San Viator 2017 - Torneo B"]
[Site "Madrid ESP"]
[Date "2017.03.26"]
[Round "1.4"]
[White "Vaquerizo Martin, Miguel"]
[Black "Munoz Munoz, Pablo II"]
[Result "1-0"]
[WhiteElo "1694"]
[BlackElo "1440"]
[PlyCount "53"]
[EventDate "2017.03.26"]
[EventType "swiss"]
[EventRounds "9"]
[EventCountry "ESP"]
[SourceTitle "Ajedrez en Madrid"]
[Source "lmi"]
[SourceDate "2017.03.26"]
[SourceVersion "1"]
[SourceVersionDate "2017.04.10"]
[SourceQuality "1"]

1. e4 c6 2. d4 d5 3. e5 Bf5 4. f4 h5 5. Nf3 e6 6. Bd3 Bxd3 7. Qxd3 Ne7 8. Nbd2
Nf5 9. Nf1 Nd7 10. Ne3 Nxe3 11. Bxe3 f5 12. Ng5 Rh6 13. Nxe6 Rxe6 14. Qxf5 Rh6
15. O-O Qe7 16. Qh3 Rh8 17. f5 O-O-O 18. f6 gxf6 19. Rxf6 Kb8 20. Bg5 Bg7 21.
Rg6 Qf7 22. Bxd8 Rxd8 23. Qg3 Bxe5 24. dxe5 Nc5 25. e6+ Qc7 26. e7 Re8 27. Rg8
1-0

[Event "28. Torneo San Viator 2017 - Torneo B"]
[Site "Madrid ESP"]
[Date "2017.03.26"]
[Round "1.5"]
[White "Jimenez Gallego, Rafael"]
[Black "San Felipe Gonzalez, Tomas"]
[Result "1-0"]
[WhiteElo "1433"]
[BlackElo "1691"]
[PlyCount "95"]
[EventDate "2017.03.26"]
[EventType "swiss"]
[EventRounds "9"]
[EventCountry "ESP"]
[SourceTitle "Ajedrez en Madrid"]
[Source "lmi"]
[SourceDate "2017.03.26"]
[SourceVersion "1"]
[SourceVersionDate "2017.04.10"]
[SourceQuality "1"]

1. e4 c5 2. Nf3 a6 3. Be2 Nc6 4. d3 g6 5. Bd2 Bg7 6. c3 Nf6 7. Qc1 d5 8. exd5
Qxd5 9. O-O O-O 10. Bh6 Bg4 11. Bxg7 Kxg7 12. Qd1 Rad8 13. Nbd2 Rfe8 14. Qb3
Qxb3 15. Nxb3 b6 16. Rad1 e5 17. h3 Bc8 18. Nh2 Rd6 19. Rfe1 Bf5 20. g4 Bc8 21.
Nf1 Nd5 22. Bf3 Nf4 23. Bxc6 Rxc6 24. Kh2 Rd6 25. Nc1 f6 26. Ne3 b5 27. Ng2 Nd5
28. f4 Nc7 29. fxe5 fxe5 30. Nb3 c4 31. dxc4 Rxd1 32. Rxd1 bxc4 33. Nd2 Re7 34.
Nxc4 Bb7 35. Nxe5 Bxg2 36. Kxg2 Kf6 37. Nd7+ Kg5 38. Rd2 Kh4 39. c4 Ne6 40. c5
Nf4+ 41. Kh2 Nxh3 42. c6 Ng5 43. c7 Re8 44. Rc2 Nf3+ 45. Kh1 Re1+ 46. Kg2 Kxg4
47. Rc4+ Kf5 48. Kxf3 1-0

[Event "28. Torneo San Viator 2017 - Torneo B"]
[Site "Madrid ESP"]
[Date "2017.03.26"]
[Round "1.6"]
[White "Calderon Martin, Antonio"]
[Black "Lopez Martin, Israel"]
[Result "1-0"]
[WhiteElo "1686"]
[BlackElo "1431"]
[PlyCount "87"]
[EventDate "2017.03.26"]
[EventType "swiss"]
[EventRounds "9"]
[EventCountry "ESP"]
[SourceTitle "Ajedrez en Madrid"]
[Source "lmi"]
[SourceDate "2017.03.26"]
[SourceVersion "1"]
[SourceVersionDate "2017.04.10"]
[SourceQuality "1"]

1. e4 e5 2. Nf3 Nc6 3. Bb5 Nf6 4. d3 Bc5 5. O-O d6 6. c3 a6 7. Ba4 b5 8. Bb3
Bg4 9. Bg5 h6 10. Be3 Bxe3 11. fxe3 Na5 12. Bc2 c5 13. d4 Nc4 14. Qc1 Bxf3 15.
Rxf3 Qd7 16. b3 Nb6 17. Nd2 Nh5 18. Qf1 g5 19. Rf5 Ng7 20. Rf6 Nh5 21. Rf5 Ng7
22. Rf2 g4 23. Bd1 Rf8 24. Qe2 h5 25. Nf1 O-O-O 26. Ng3 h4 27. Nf5 Nxf5 28.
Rxf5 Nd5 29. Qe1 Ne7 30. Bxg4 Kb8 31. Rg5 f5 32. exf5 Nxf5 33. e4 Qe7 34. Rxf5
Rg8 35. h3 cxd4 36. cxd4 exd4 37. Rd1 Qa7 38. Qf2 Rde8 39. Qxd4 Qc7 40. Rd5 Qc2
41. Qb6+ Ka8 42. Qxa6+ Kb8 43. Rxb5+ Kc7 44. Qb7+ 1-0

[Event "28. Torneo San Viator 2017 - Torneo B"]
[Site "Madrid ESP"]
[Date "2017.03.26"]
[Round "1.7"]
[White "Krause Llorente, Paul"]
[Black "De Los Rios Camacho, Juan Antoni"]
[Result "1/2-1/2"]
[WhiteElo "1430"]
[BlackElo "1683"]
[PlyCount "138"]
[EventDate "2017.03.26"]
[EventType "swiss"]
[EventRounds "9"]
[EventCountry "ESP"]
[SourceTitle "Ajedrez en Madrid"]
[Source "lmi"]
[SourceDate "2017.03.26"]
[SourceVersion "1"]
[SourceVersionDate "2017.04.10"]
[SourceQuality "1"]

1. d4 Nf6 2. Bf4 d6 3. Nf3 c6 4. e3 Nh5 5. Bg3 Nxg3 6. hxg3 Qb6 7. Qc1 e5 8.
Nbd2 Nd7 9. Bd3 exd4 10. exd4 Be7 11. Nc4 Qc7 12. Qe3 b5 13. Ncd2 Nf6 14. Ng5
h6 15. c3 Rg8 16. Nge4 Be6 17. Nxf6+ Bxf6 18. Qf3 Kd7 19. Bf5 Rae8 20. O-O-O
Kd8 21. Rhe1 Bg5 22. Kc2 Qd7 23. Bxe6 fxe6 24. Ne4 Rgf8 25. Qe2 Rf5 26. f4 Be7
27. Nf2 Bf8 28. Rd3 h5 29. Rf3 g5 30. fxg5 Rxg5 31. Ne4 Qh7 32. Qd3 Rg7 33. Nf6
Qxd3+ 34. Kxd3 Ree7 35. Nxh5 Rgf7 36. Rxf7 Rxf7 37. Rxe6 Rf2 38. Re2 Rxe2 39.
Kxe2 Ke7 40. Kf3 d5 41. Nf4 Kf6 42. g4 b4 43. g3 bxc3 44. bxc3 Ba3 45. Nd3 Kg5
46. Nb4 Bb2 47. Nxc6 Bxc3 48. Ne7 Bxd4 49. Nxd5 a5 50. a4 Be5 51. Nf4 Kf6 52.
Ke4 Bd6 53. Kd5 Bb4 54. Ne6 Be1 55. g5+ Kf7 56. g4 Bd2 57. Ke5 Kg6 58. Ke4 Bxg5
59. Nxg5 Kxg5 60. Kd5 Kxg4 61. Kc5 Kf5 62. Kb5 Ke6 63. Kxa5 Kd7 64. Kb6 Kc8 65.
Ka7 Kc7 66. a5 Kc8 67. Kb6 Kb8 68. a6 Ka8 69. Ka5 Ka7 1/2-1/2

[Event "28. Torneo San Viator 2017 - Torneo B"]
[Site "Madrid ESP"]
[Date "2017.03.26"]
[Round "1.8"]
[White "Garcia Martin, Javier"]
[Black "Bermejo Jimenez, Adolfo"]
[Result "1/2-1/2"]
[WhiteElo "1664"]
[BlackElo "1422"]
[PlyCount "104"]
[EventDate "2017.03.26"]
[EventType "swiss"]
[EventRounds "9"]
[EventCountry "ESP"]
[SourceTitle "Ajedrez en Madrid"]
[Source "lmi"]
[SourceDate "2017.03.26"]
[SourceVersion "1"]
[SourceVersionDate "2017.04.10"]
[SourceQuality "1"]

1. e4 e5 2. Nf3 Nc6 3. Bb5 d6 4. O-O Nf6 5. Re1 Bd7 6. c3 Be7 7. d3 a6 8. Ba4
O-O 9. Nbd2 b5 10. Bb3 Be6 11. Bxe6 fxe6 12. Ng5 Qd7 13. Qb3 Nd8 14. Nf1 h6 15.
Nf3 Nh5 16. Ne3 Nf4 17. Qd1 Qe8 18. Nf1 Qf7 19. Bxf4 Qxf4 20. Qe2 Nb7 21. d4
Rad8 22. Qe3 Na5 23. Qxf4 exf4 24. b3 Nb7 25. Rac1 c5 26. N1d2 g5 27. h3 Bf6
28. Re2 Rfe8 29. Rc2 Rc8 30. e5 dxe5 31. dxe5 Bd8 32. Ne4 Kf7 33. Rcd2 Re7 34.
Rd1 Kg6 35. Red2 Kf5 36. Nd6+ Nxd6 37. Rxd6 Bc7 38. Rc6 Ree8 39. Rxc5 Bb8 40.
Nd4+ Kg6 41. Rc6 Rxc6 42. Nxc6 Kf5 43. Nxb8 Rxb8 44. Rd6 Ra8 45. c4 Kxe5 46.
Rc6 bxc4 47. bxc4 a5 48. a4 Rb8 49. Rc5+ Kd4 50. Rxa5 Kxc4 51. Ra6 Kd5 52. Kf1
Rc8 1/2-1/2

[Event "28. Torneo San Viator 2017 - Torneo B"]
[Site "Madrid ESP"]
[Date "2017.03.26"]
[Round "1.9"]
[White "Rojo Jorge, Angel"]
[Black "Ramirez De La Piscina G, Juan A"]
[Result "0-1"]
[WhiteElo "1416"]
[BlackElo "1662"]
[PlyCount "124"]
[EventDate "2017.03.26"]
[EventType "swiss"]
[EventRounds "9"]
[EventCountry "ESP"]
[SourceTitle "Ajedrez en Madrid"]
[Source "lmi"]
[SourceDate "2017.03.26"]
[SourceVersion "1"]
[SourceVersionDate "2017.04.10"]
[SourceQuality "1"]

1. Nf3 d5 2. c4 c6 3. g3 e6 4. Bg2 Bd6 5. b3 f5 6. e3 Nf6 7. Nc3 O-O 8. O-O Bd7
9. Bb2 Be8 10. d4 Bh5 11. c5 Bc7 12. Qc2 Nbd7 13. b4 a6 14. a4 Ne4 15. Rfb1 g5
16. b5 Qf6 17. bxc6 bxc6 18. Bc1 Rab8 19. Rxb8 Rxb8 20. Rb1 Rxb1 21. Qxb1 Nxc3
22. Qb7 Qd8 23. Kf1 Bxf3 24. Bxf3 Nb8 25. Bd2 Ne4 26. Be1 g4 27. Be2 a5 28. Bd3
Ng5 29. Bc3 h5 30. Kg2 h4 31. Be2 h3+ 32. Kg1 Ne4 33. Bb2 Kf7 34. Bd3 Nf6 35.
Bc3 Nfd7 36. Kf1 Kf6 37. Ke2 e5 38. Bb2 exd4 39. exd4 f4 40. Bc1 fxg3 41. fxg3
Bxg3 42. Kd1 Qe7 43. Bd2 Bxh2 44. Qb2 Bg3 45. Kc2 Be1 46. Qc1 Bxd2 47. Qxd2 Kg7
48. Qf4 Qe6 49. Qg5+ Kf7 50. Bh7 Nf6 51. Bf5 Qe2+ 52. Kc3 Ne4+ 53. Bxe4 Qxe4
54. Qh5+ Qg6 55. Qe5 Nd7 56. Qf4+ Kg7 57. Qc7 Qe6 58. Qf4 Nf6 59. Qc7+ Kg6 60.
Qf4 Qe4 61. Qd6 Qe3+ 62. Kc2 g3 0-1

[Event "28. Torneo San Viator 2017 - Torneo B"]
[Site "Madrid ESP"]
[Date "2017.03.26"]
[Round "1.10"]
[White "Iriarte Gomez, Enrique"]
[Black "Insua Rodriguez, Antonio"]
[Result "1-0"]
[WhiteElo "1658"]
[BlackElo "1412"]
[PlyCount "62"]
[EventDate "2017.03.26"]
[EventType "swiss"]
[EventRounds "9"]
[EventCountry "ESP"]
[SourceTitle "Ajedrez en Madrid"]
[Source "lmi"]
[SourceDate "2017.03.26"]
[SourceVersion "1"]
[SourceVersionDate "2017.04.10"]
[SourceQuality "1"]

1. d4 d5 2. Nf3 Nf6 3. Bg5 e6 4. e3 Be7 5. Bd3 O-O 6. Nbd2 Nbd7 7. Qe2 c5 8. c3
h6 9. Bf4 c4 10. Bc2 b5 11. e4 dxe4 12. Nxe4 Nd5 13. Bd2 f5 14. Ng3 N7f6 15.
Ne5 Qe8 16. h4 Ng4 17. Nxg4 fxg4 18. Qxg4 e5 19. Qe4 Bf5 20. Qxd5+ Qf7 21.
Qxf7+ Rxf7 22. Nxf5 Raf8 23. Nxe7+ Rxe7 24. O-O exd4 25. cxd4 Re2 26. Rad1 Rd8
27. Rfe1 Rde8 28. Kf1 b4 29. Bg6 c3 30. Rxe2 Rxe2 31. Kxe2 cxd2 1-0

[Event "28. Torneo San Viator 2017 - Torneo B"]
[Site "Madrid ESP"]
[Date "2017.03.26"]
[Round "1.11"]
[White "Garcia Chica, Eva Maria"]
[Black "Martinez Pintor, Juan"]
[Result "1/2-1/2"]
[WhiteElo "1411"]
[BlackElo "1657"]
[PlyCount "71"]
[EventDate "2017.03.26"]
[EventType "swiss"]
[EventRounds "9"]
[EventCountry "ESP"]
[SourceTitle "Ajedrez en Madrid"]
[Source "lmi"]
[SourceDate "2017.03.26"]
[SourceVersion "1"]
[SourceVersionDate "2017.04.10"]
[SourceQuality "1"]

1. c4 c6 2. d4 d5 3. Nc3 Nf6 4. e3 a6 5. b3 b5 6. Nf3 Bg4 7. Bd3 e6 8. c5 e5 9.
Be2 e4 10. Ne5 Bxe2 11. Qxe2 Nfd7 12. Nxd7 Nxd7 13. O-O Be7 14. Bd2 O-O 15. f3
f5 16. fxe4 fxe4 17. Rxf8+ Nxf8 18. Rf1 Qd7 19. Qf2 Bg5 20. Qf5 Bh6 21. Qxd7
Nxd7 22. Ne2 Rf8 23. Rxf8+ Nxf8 24. Kf2 Kf7 25. Ba5 Ne6 26. Ng3 g6 27. Ne2 Bg5
28. g3 Bh6 29. Nf4 Ng5 30. Bb4 Ne6 31. Nxe6 Kxe6 32. Ba5 Kf5 33. h3 Bg5 34. Bc7
h5 35. Bf4 Bd8 36. b4 1/2-1/2

[Event "28. Torneo San Viator 2017 - Torneo B"]
[Site "Madrid ESP"]
[Date "2017.03.26"]
[Round "1.12"]
[White "Sanchez Ortega, Ivan"]
[Black "Fernandez Munoz, Jesus Norbert"]
[Result "1/2-1/2"]
[WhiteElo "1657"]
[BlackElo "1403"]
[PlyCount "137"]
[EventDate "2017.03.26"]
[EventType "swiss"]
[EventRounds "9"]
[EventCountry "ESP"]
[SourceTitle "Ajedrez en Madrid"]
[Source "lmi"]
[SourceDate "2017.03.26"]
[SourceVersion "1"]
[SourceVersionDate "2017.04.10"]
[SourceQuality "1"]

1. d4 e5 2. dxe5 Nc6 3. Nf3 Qe7 4. Nbd2 Nxe5 5. e3 Nf6 6. b3 Nxf3+ 7. Nxf3 Ne4
8. Bd2 Nxd2 9. Qxd2 Qf6 10. Rd1 a5 11. c3 c6 12. Be2 g6 13. Qd4 Qxd4 14. Nxd4
Bg7 15. O-O O-O 16. c4 d6 17. Bf3 Rd8 18. a4 Bd7 19. Rd2 Rab8 20. Rfd1 Bf8 21.
g3 h5 22. Kg2 Be7 23. Be4 Kg7 24. h4 Kg8 25. Kf1 Bh3+ 26. Bg2 Bg4 27. Bf3 Bh3+
28. Kg1 Kg7 29. Kh2 Bd7 30. Bg2 Bg4 31. f3 Bd7 32. Bh3 Be8 33. Bf1 Bd7 34. e4
Be8 35. Kg2 c5 36. Nc2 b6 37. Ne3 Bc6 38. Kf2 Bb7 39. Bh3 Bf8 40. e5 Bc8 41.
Bxc8 Rbxc8 42. exd6 Rd7 43. Nd5 Rc6 44. Nc3 Rcxd6 45. Rxd6 Rxd6 46. Rxd6 Bxd6
47. Nd5 Kf8 48. Nxb6 Ke8 49. Nd5 Kd7 50. g4 hxg4 51. fxg4 Ke6 52. Kf3 Ke5 53.
Ke3 Ke6 54. Nc3 f5 55. gxf5+ Kxf5 56. Kf3 Be7 57. Kg3 g5 58. hxg5 Kxg5 59. Kf3
Kf5 60. Nd5 Bd6 61. Ke3 Ke5 62. Kd3 Ke6 63. Ke4 Bb8 64. Ne3 Bc7 65. Nf5 Kf6 66.
Ne3 Ke6 67. Ng4 Bb8 68. Nh6 Bc7 69. Ng4 1/2-1/2

[Event "28. Torneo San Viator 2017 - Torneo B"]
[Site "Madrid ESP"]
[Date "2017.03.26"]
[Round "1.13"]
[White "Abanades Flores, Diego"]
[Black "Garcia Castineira, Ivan"]
[Result "0-1"]
[WhiteElo "1398"]
[BlackElo "1656"]
[PlyCount "54"]
[EventDate "2017.03.26"]
[EventType "swiss"]
[EventRounds "9"]
[EventCountry "ESP"]
[SourceTitle "Ajedrez en Madrid"]
[Source "lmi"]
[SourceDate "2017.03.26"]
[SourceVersion "1"]
[SourceVersionDate "2017.04.10"]
[SourceQuality "1"]

1. d4 Nf6 2. c4 e5 3. dxe5 Ng4 4. Nf3 Bc5 5. e3 Nc6 6. a3 a5 7. Nc3 Ncxe5 8.
Be2 O-O 9. Qc2 Nxf3+ 10. Bxf3 Ne5 11. Be2 Ra6 12. Ne4 Ba7 13. b3 Rg6 14. f4 Ng4
15. Bxg4 Rxg4 16. Ng5 Rxg5 17. fxg5 Qxg5 18. h4 Qg3+ 19. Qf2 Qe5 20. Ra2 Re8
21. Rf1 f6 22. Bb2 Qe4 23. Bc1 d6 24. Qf4 Qd3 25. c5 Qxb3 26. Rff2 Bxc5 27. Kf1
Qd1# 0-1

[Event "28. Torneo San Viator 2017 - Torneo B"]
[Site "Madrid ESP"]
[Date "2017.03.26"]
[Round "1.14"]
[White "Mateos Cordero, Francisco"]
[Black "Di Pietro Moreno, Fatima"]
[Result "1-0"]
[WhiteElo "1643"]
[BlackElo "1394"]
[PlyCount "81"]
[EventDate "2017.03.26"]
[EventType "swiss"]
[EventRounds "9"]
[EventCountry "ESP"]
[SourceTitle "Ajedrez en Madrid"]
[Source "lmi"]
[SourceDate "2017.03.26"]
[SourceVersion "1"]
[SourceVersionDate "2017.04.10"]
[SourceQuality "1"]

1. d4 d5 2. Bf4 Nf6 3. Nf3 e6 4. e3 c5 5. c3 Qb6 6. Qc2 Nc6 7. Nbd2 Be7 8. Be2
O-O 9. O-O cxd4 10. exd4 Nh5 11. Ng5 Nf6 12. Bd3 g6 13. Ngf3 Nd7 14. Rfe1 Re8
15. h3 Bf6 16. Nh2 e5 17. dxe5 Ndxe5 18. Ndf3 Bd7 19. Bh6 Nxd3 20. Qxd3 Ne7 21.
Qd2 Rad8 22. Be3 Qc7 23. Bd4 Bxd4 24. Nxd4 Nf5 25. Nhf3 Qb6 26. b3 Rc8 27. Nxf5
Bxf5 28. Rxe8+ Rxe8 29. Qh6 f6 30. Qf4 Be4 31. Re1 Qc6 32. Re3 f5 33. Nd4 Qa6
34. f3 Qxa2 35. fxe4 Qb1+ 36. Kh2 dxe4 37. Qg3 Qa1 38. Nxf5 Qa5 39. Nd6 Re7 40.
Nxe4 Qe5 41. Qxe5 1-0

[Event "28. Torneo San Viator 2017 - Torneo B"]
[Site "Madrid ESP"]
[Date "2017.03.26"]
[Round "1.15"]
[White "Jimenez Perez, Federico"]
[Black "Arce Escobedo, Julio"]
[Result "0-1"]
[WhiteElo "1375"]
[BlackElo "1642"]
[PlyCount "178"]
[EventDate "2017.03.26"]
[EventType "swiss"]
[EventRounds "9"]
[EventCountry "ESP"]
[SourceTitle "Ajedrez en Madrid"]
[Source "lmi"]
[SourceDate "2017.03.26"]
[SourceVersion "1"]
[SourceVersionDate "2017.04.10"]
[SourceQuality "1"]

1. e4 c5 2. Nf3 d6 3. Bb5+ Bd7 4. Bxd7+ Qxd7 5. c3 Nf6 6. e5 dxe5 7. Nxe5 Qc7
8. d4 g6 9. O-O Bg7 10. Qf3 O-O 11. Bf4 Qb6 12. Nc4 Qa6 13. Nba3 cxd4 14. Be5
dxc3 15. Bxc3 Nbd7 16. Rab1 Rac8 17. Ne5 Nxe5 18. Bxe5 Rc5 19. Bd4 Rf5 20. Qb3
b6 21. Rbc1 Ne4 22. Rcd1 Bxd4 23. Rxd4 Nc5 24. Qh3 Rh5 25. Rh4 Rxh4 26. Qxh4
Qe2 27. Nc4 Rd8 28. Ne3 Qxb2 29. Qxe7 Rd7 30. Qg5 Qxa2 31. Ng4 Qe6 32. Nf6+ Kg7
33. Nxd7 Qxd7 34. h4 h5 35. Re1 Ne6 36. Qe5+ Kg8 37. f4 Qd4+ 38. Qxd4 Nxd4 39.
Kf2 Kg7 40. Re4 Ne6 41. g3 Kf6 42. Ra4 a5 43. Ke3 Ke7 44. Kf3 Kd6 45. g4 Kc5
46. gxh5 gxh5 47. Ke3 f5 48. Ra1 Kb4 49. Rd1 a4 50. Rd6 Nc5 51. Rxb6+ Ka5 52.
Rf6 a3 53. Rxf5 Kb4 54. Rf8 a2 55. Rb8+ Ka3 56. Kd4 a1=Q+ 57. Kxc5 Qc3+ 58. Kd5
Qf3+ 59. Ke5 Qg4 60. Ra8+ Kb4 61. Rb8+ Kc5 62. Ra8 Qxh4 63. Ra5+ Kb6 64. Ra4
Qe7+ 65. Kd5 Qd7+ 66. Ke5 Qxa4 67. f5 Qe8+ 68. Kf6 h4 69. Kg5 h3 70. f6 Qf8 71.
Kg6 Qxf6+ 72. Kxf6 h2 73. Ke5 h1=Q 74. Kd4 Qh5 75. Ke4 Qc5 76. Kf4 Qd5 77. Ke3
Qc4 78. Kf3 Qd4 79. Kg3 Qe4 80. Kf2 Qd3 81. Kg2 Qe3 82. Kh2 Qf3 83. Kg1 Qe2 84.
Kh1 Kc5 85. Kg1 Kd4 86. Kh1 Ke4 87. Kg1 Kf4 88. Kh1 Kg3 89. Kg1 Qe1# 0-1

[Event "28. Torneo San Viator 2017 - Torneo B"]
[Site "Madrid ESP"]
[Date "2017.03.26"]
[Round "1.16"]
[White "Dominguez Afonso, Ayraldo"]
[Black "Soria Martinez, Daniel"]
[Result "1-0"]
[WhiteElo "1639"]
[BlackElo "1375"]
[PlyCount "147"]
[EventDate "2017.03.26"]
[EventType "swiss"]
[EventRounds "9"]
[EventCountry "ESP"]
[SourceTitle "Ajedrez en Madrid"]
[Source "lmi"]
[SourceDate "2017.03.26"]
[SourceVersion "1"]
[SourceVersionDate "2017.04.10"]
[SourceQuality "1"]

1. e4 e6 2. d4 d5 3. e5 c5 4. c3 Nc6 5. Nf3 Qb6 6. a3 a5 7. Bd3 Nh6 8. O-O Nf5
9. Bxf5 exf5 10. dxc5 Qxc5 11. Be3 Qb5 12. Qc2 Be6 13. Nbd2 Bc5 14. Bxc5 Qxc5
15. Nb3 Qb6 16. Nbd4 Nxd4 17. cxd4 O-O 18. Rac1 Rfc8 19. Qd2 Rc4 20. Rxc4 dxc4
21. d5 Rd8 22. d6 Qc5 23. Qd4 Qc6 24. Qc3 Qc5 25. Ng5 Bd7 26. Rc1 Rc8 27. Nf3
a4 28. Qd4 Qxd4 29. Nxd4 b5 30. Kf1 Rc5 31. f4 Rd5 32. Rd1 f6 33. exf6 gxf6 34.
Ke2 Rxd6 35. Nc2 Rxd1 36. Kxd1 Kf7 37. Kd2 Ke6 38. Ke3 Kd5 39. Kf3 Be6 40. h3
h6 41. g4 Bd7 42. gxf5 Bxf5 43. Ne3+ Ke6 44. Ng4 h5 45. Nf2 Kd5 46. Ke3 Kd6 47.
Kd4 Be6 48. Ne4+ Ke7 49. h4 Bd7 50. Nc3 Kd6 51. Ne4+ Ke7 52. Kd5 Be6+ 53. Kc5
Bd7 54. Ng3 Be8 55. Nf5+ Kf8 56. Nd6 Bd7 57. Nxb5 Bxb5 58. Kxb5 Ke7 59. Kxc4
Kd6 60. Kd4 f5 61. Kc4 Kc6 62. b3 axb3 63. Kxb3 Kb5 64. Kc3 Ka4 65. Kd4 Kxa3
66. Ke5 Kb4 67. Kxf5 Kc5 68. Kg5 Kd5 69. Kxh5 Ke6 70. Kg5 Ke7 71. Kg6 Ke6 72.
f5+ Ke7 73. f6+ Kf8 74. f7 1-0

[Event "28. Torneo San Viator 2017 - Torneo B"]
[Site "Madrid ESP"]
[Date "2017.03.26"]
[Round "1.17"]
[White "Cerioni Serret, Luca"]
[Black "Martinez Martinez, Javier II"]
[Result "0-1"]
[WhiteElo "1369"]
[BlackElo "1635"]
[PlyCount "42"]
[EventDate "2017.03.26"]
[EventType "swiss"]
[EventRounds "9"]
[EventCountry "ESP"]
[SourceTitle "Ajedrez en Madrid"]
[Source "lmi"]
[SourceDate "2017.03.26"]
[SourceVersion "1"]
[SourceVersionDate "2017.04.10"]
[SourceQuality "1"]

1. e4 e6 2. d4 d5 3. exd5 exd5 4. Nf3 Nf6 5. c4 dxc4 6. Bxc4 Be7 7. O-O O-O 8.
Re1 c6 9. Qb3 b5 10. Bxf7+ Rxf7 11. Ne5 Qd5 12. Qxd5 cxd5 13. Nxf7 Kxf7 14. Nc3
b4 15. Na4 Nbd7 16. Be3 Nb6 17. Nxb6 axb6 18. Re2 Bd6 19. Rc1 Bd7 20. b3 Ne4
21. Bd2 Rxa2 0-1

[Event "28. Torneo San Viator 2017 - Torneo B"]
[Site "Madrid ESP"]
[Date "2017.03.26"]
[Round "1.18"]
[White "Marcelo De La Mata, Daniel"]
[Black "Murillo Paz, Pedro"]
[Result "1-0"]
[WhiteElo "1630"]
[BlackElo "1358"]
[PlyCount "149"]
[EventDate "2017.03.26"]
[EventType "swiss"]
[EventRounds "9"]
[EventCountry "ESP"]
[SourceTitle "Ajedrez en Madrid"]
[Source "lmi"]
[SourceDate "2017.03.26"]
[SourceVersion "1"]
[SourceVersionDate "2017.04.10"]
[SourceQuality "1"]

1. e4 e5 2. Nf3 Nc6 3. d4 exd4 4. Bc4 h6 5. Nxd4 Ne5 6. Be2 Nf6 7. Bf4 Ng6 8.
Qd2 Bc5 9. Be3 Nxe4 10. Qd3 d5 11. O-O O-O 12. c3 Bxd4 13. cxd4 Qf6 14. Nc3 c6
15. Nxe4 dxe4 16. Qxe4 Bf5 17. Qf3 Rfe8 18. Qg3 Re4 19. Bf3 Ree8 20. Rac1 Be4
21. Bxe4 Rxe4 22. h3 Rae8 23. Rc3 Nf4 24. Qf3 Nd5 25. Qxf6 gxf6 26. Ra3 a6 27.
Bxh6 Kh7 28. Bd2 Rxd4 29. Be3 Rde4 30. Rb3 f5 31. Rxb7 Nxe3 32. fxe3 Kg6 33.
Rb6 Ra4 34. Rxc6+ Re6 35. Rxe6+ fxe6 36. a3 Kg5 37. Kf2 Rc4 38. Re1 e5 39. Re2
a5 40. Rd2 a4 41. Ke2 Kh4 42. Kd3 Rc8 43. Rf2 e4+ 44. Kd4 Kg5 45. g3 Rd8+ 46.
Kc4 Rd3 47. Re2 Rd8 48. b4 Rd3 49. b5 Rxa3 50. Kb4 Ra1 51. b6 Rb1+ 52. Ka5 a3
53. Ra2 Rb3 54. Ka6 Rxe3 55. b7 Rb3 56. Ka7 f4 57. gxf4+ Kxf4 58. b8=Q+ Rxb8
59. Kxb8 e3 60. Rxa3 e2 61. Ra1 Kf3 62. Kc7 Kg3 63. Re1 Kf2 64. Rxe2+ Kxe2 65.
h4 Kf3 66. h5 Kg4 67. h6 Kg5 68. h7 Kg6 69. h8=Q Kf7 70. Qe5 Kf8 71. Kd7 Kf7
72. Qf5+ Kg7 73. Ke6 Kh6 74. Qg4 Kh7 75. Kf7 1-0